000
00289nam a2200121 a 4500
008
100916s1988|||| d
245
1
0
_a
Berte len môj život...
100
1
_a
Dietrichová, Marlene
260
_b
Smena
_a
Bratislava
_c
1988
020
_c
35
044
_a
xo
_c
SK
041
_a
slo
999
_c
10370
_d
10370